| Tag |
First Indicator |
Second Indicator |
Subfields |
| LEADER |
00000cam a2200000Ma 4500 |
| 001 |
in00002784583 |
| 005 |
20210515063119.0 |
| 008 |
060714s1960 dcua b f000 0 eng d |
| 019 |
|
|
|a 270768363
|
| 035 |
|
|
|a (OCoLC)ocm70366001
|
| 035 |
|
|
|a (OCoLC)70366001
|z (OCoLC)270768363
|
| 040 |
|
|
|a AGLGW
|c AGLGW
|d OCLCG
|d OCLCQ
|d UtOrBLW
|
| 049 |
|
|
|a TXAM
|
| 086 |
|
|
|a I 19.16:352-B
|
| 100 |
1 |
|
|a Schumm, Stanley A.
|q (Stanley Alfred),
|d 1927-2011.
|
| 245 |
1 |
4 |
|a The shape of alluvial channels in relation to sediment type /
|c S.A. Schumm.
|
| 264 |
|
1 |
|a Washington, D.C. :
|b U.S. G.P.O.,
|c 1960.
|
| 300 |
|
|
|a iii, pages 17-30 :
|b illustrations
|
| 336 |
|
|
|a text
|b txt
|2 rdacontent
|
| 337 |
|
|
|a unmediated
|b n
|2 rdamedia
|
| 338 |
|
|
|a volume
|b nc
|2 rdacarrier
|
| 490 |
1 |
|
|a United States. Geological Survey. Professional paper ;
|v 352-B
|
| 490 |
0 |
|
|a Erosion and sedimentation in a semiarid environment
|
| 504 |
|
|
|a Includes bibliographical references (page 30).
|
| 650 |
|
0 |
|a Sediment transport.
|
| 650 |
|
0 |
|a Channels (Hydraulic engineering)
|
| 650 |
|
0 |
|a Sedimentation and deposition.
|
| 710 |
2 |
|
|a Geological Survey (U.S.)
|
| 740 |
0 |
|
|a Erosion and sedimentation in a semiarid environment.
|
| 830 |
|
0 |
|a Geological Survey professional paper ;
|v 352-B.
|
| 830 |
|
0 |
|a United States. Geological Survey. Professional paper ;
|v 352-B.
|
| 948 |
|
|
|a cataloged
|b h
|c 2012/12/14
|d c
|e mvaldespin
|f 09:22:25 am
|
| 994 |
|
|
|a C0
|b TXA
|
| 999 |
|
|
|a MARS
|
| 999 |
f |
f |
|s 3482965d-fd36-328a-9a77-f8cb9ab8c5c8
|i 6f0be145-2246-3f39-9a5a-cbfc54eb2531
|t 0
|
| 952 |
f |
f |
|p normal
|a Texas A&M University
|b College Station
|c Sterling C. Evans Library
|d Evans: US Documents (Annex 5th floor)
|t 0
|e I 19.16:350-352 A-I
|h Superintendent of Documents classification
|i unmediated -- volume
|m A14832129439
|
| 998 |
f |
f |
|a I 19.16:350-352 A-I
|t 0
|l Evans: US Documents (Annex 5th floor)
|